Prenom homme - Statistiques

Statistiques générales
  • Ce quiz a été pris 55 fois
  • Le résultat moyen est 2 sur 10
Statistiques - réponses
Reponse % Correct
5 Louis
55%
7 Leo
51%
10 Paul
51%
4 Martin
22%
8 Clément
12%
9 Alexis
10%
6 Baptiste
10%
1 Emeric
2%
2 Marouan
2%
3 Zakaria
2%
Aucun quiz correspondant
Distribution des résultats
% des personnes avec chaque résultat
Percentile par nombre de réponses
Votre historique - résultats
Vous n’avez pas pris ce quiz